01413nam a2200409 a 4500001001000000003000900010005001700019007000300036008004100039020001500080040003000095082002600125100003600151245012600187250001200313260001200325264003700337300004700374336002800421337003500449338003000484500002200514534005500536590002600591650001800617650003000635700004300665910003900708930002400747942001200771945002600783952012300809956001800932956001800950956001800968999001700986000002160DO-SdBPM20260212104628.0ta090701s2000 mx a 001 0 spa d a9681864182 aDO-SdBPMbspacBPMSUerda 4a620.4bV748d 20042221 aWright, Paul H. eautor 4aut. 10aIntroducción a la ingeniería/cPaul H. Wright ; con la colaboración en la traducción de Raúl Arrioja Juárez.  a3a. ed.0 a b c  aMéxico :bLisusa Wiley ;c2004 a297 páginas :bilustraciones ;c25 cm. atexto btxt2rdacontent asin mediación bn2rdamedia  avolumen bnc2rdacarrier  aIncluye índice  pTítulo original :tIntroduction to engineering.  aInventariado, 2026/VM 7aIngeniería. 7aIngenieríax Historia. 1 aArrioja Juárez, Raúl, etraductor  aVMateo V. Control de calidad BPMSU 1l m h 8 f p g  2ddccBK aInvetariado / 2017 VM 00102ddc40708CGaBPMETbBPMETd2026-02-12l0oBPMSU CG 620.4 V748d 2004pBPMSU26020079r2026-02-12w2026-02-12yBK a b c l h  a b c l h  a b c l h  c15688d15688